00429nam a2200133Ia 4500008004100000020001800041041000800059082001800067100002100085245013000106250000600236260004100242300001200283210716s2015 xx 000 0 und d a9788126542581 aeng a005.3002 GOTI aGottlieb, Isaac. aNext generation excel: modeling in microsoft excel for analysts and MBAs.bModeling in microsoft excel for analysts and MBAs. a2 aNew DelhibWiley India Pvt Ltdc2015 axxi,394